Statistics for Most Populous Primates of the World

Click here to take the quiz!

General Stats

  • This quiz has been taken 69 times
  • The average score is 5 of 8

Answer Stats

Population Species % Correct
7.5 billionHuman
95%
150,000 - 200,000Western Gorilla
95%
172,000 - 300,000Common Chimpanzee
85%
45,000 - 69,000Bornean Orangutan
74%
200,000Geladas (bleeding-heart monkey)
54%
29,000 - 50,000Bonobo
49%
250,000 - 375,000Muller's Borean Gibbon
43%
36,000Mentawai Langur
7%

Score Distribution

Percentile by Number Answered

Percent of People with Each Score

Your Score History

You have not taken this quiz